000 00403 a2200157 4500
005 20250602092624.0
020 _a0 273 65849 2
082 _aLECT 657.48 LEW
100 _aLEWIS, R.
245 _aAdvanced Fiancial Accounting.
250 _a7th Ed.
260 _aLondon,
_bPrentice Hall,
_c2004.
300 _axiv, 720p.: ill.; figure, table
_bIndex
_c24cm.
700 _aPENDRILL, D.
942 _2ddc
_cBKS
999 _c2976
_d2976